[Event "Warsaw Najdorf Memorial op-B"]
[Site "Warsaw"]
[Date "2021.07.14"]
[Round "5"]
[White "Babijczuk, Wojciech"]
[Black "Rutkowski, Piotr1111"]
[Result "1/2-1/2"]
[WhiteElo "1493"]
[BlackElo "1688"]
[PlyCount "206"]
[EventDate "2021.07.10"]
[EventType "swiss"]
[EventRounds "9"]
[EventCountry "POL"]
[SourceTitle "EXT 2022"]
[Source "ChessBase"]
[SourceDate "2021.10.06"]
[SourceVersion "1"]
[SourceVersionDate "2021.10.06"]
[SourceQuality "1"]

1. e4 c5 2. Nf3 d6 3. d4 cxd4 4. Nxd4 Nf6 5. Nc3 a6 6. Bc4 e6 7. Bb3 Nbd7 8. Be3 Nc5 9. f3 Be7 10. Qd2 0-0 11. g4 Nfd7 12. 0-0-0 Ne5 13. h4 Qe8 14. h5 b5 15. Bg5 b4 16. Nb1 f6 17. Be3 a5 18. a4 Bd7 19. Ba2 Rc8 20. Qe2 Bxa4 21. Rd2 b3 22. Bxb3 Nxb3+ 23. Nxb3 Bxb3 24. Nc3 Bc4 25. Qg2 a4 26. f4 Nd7 27. Nxa4 Ra8 28. b3 d5 29. bxc4 Rxa4 30. Kd1 dxc4 31. Ke2 Nc5 32. Rhd1 c3 33. Rd4 Rxd4 34. Rxd4 Qb5+ 35. Kf3 Rd8 36. Rxd8+ Bxd8 37. g5 Nxe4 38. h6 fxg5 39. hxg7 Bf6 40. Qh3 Qf5 41. Qh5 g4+ 42. Qxg4 Nd2+ 43. Kg3 Qxg4+ 44. Kxg4 Nc4 45. Bc5 Kxg7 46. f5 Kf7 47. fxe6+ Kxe6 48. Kh5 Bg7 49. Kg5 Kd5 50. Bb4 Ne3 51. Bxc3 Bxc3 52. Kh6 Nxc2 53. Kxh7 Ke6 54. Kg6 Ne3 55. Kg5 Bf6+ 56. Kf4 Nd5+ 57. Ke4 Nb4 58. Kf4 Kd5 59. Kf3 Nc2 60. Kf4 Nd4 61. Ke3 Bg5+ 62. Kd3 Nb5 63. Ke2 Ke4 64. Kf2 Nd4 65. Kg3 Bf4+ 66. Kf2 Nf5 67. Kg2 Nd4 68. Kf2 Ne6 69. Kg2 Ng5 70. Kf2 Be3+ 71. Kg3 Kf5 72. Kh2 Kg4 73. Kg2 Ne4 74. Kh2 Kf3 75. Kh1 Bf2 76. Kh2 Bg3+ 77. Kg1 Nf2 78. Kf1 Ng4 79. Kg1 Ne3 80. Kh1 Nf5 81. Kg1 Bf4 82. Kh1 Ng3+ 83. Kg1 Be5 84. Kh2 Bd4 85. Kh3 Be3 86. Kh2 Bc5 87. Kh3 Ne4 88. Kh2 Bf2 89. Kh1 Ng3+ 90. Kh2 Be3 91. Kh3 Bg1 92. Kh4 Be3 93. Kh3 Bf4 94. Kh2 Ne4+ 95. Kg1 Bg3 96. Kh1 Nf2+ 97. Kg1 Bf4 98. Kf1 Bh2 99. Ke1 Ne4 100. Kd1 Be5 101. Ke1 Bd4 102. Kd1 Ke3 103. Kc2 Nc5 1/2-1/2

[Event "Pardubice Czech op-D 28th"]
[Site "Pardubice"]
[Date "2017.07.25"]
[Round "5"]
[White "Drozdz, Jakub"]
[Black "Babijczuk, Wojciech"]
[Result "1-0"]
[WhiteElo "1541"]
[BlackElo "1611"]
[PlyCount "67"]
[EventDate "2017.07.22"]
[EventType "swiss"]
[EventRounds "9"]
[EventCountry "CZE"]
[SourceTitle "CBM 179 Extra"]
[Source "ChessBase"]
[SourceDate "2017.08.23"]
[SourceVersion "1"]
[SourceVersionDate "2017.08.23"]
[SourceQuality "1"]

1. e4 c5 2. Nf3 d6 3. d4 cxd4 4. Nxd4 Nf6 5. Nc3 a6 6. Bg5 Nbd7 7. f4 h6 8. Bh4 b5 9. Bxf6 Nxf6 10. e5 Ng4 11. Qf3 Ra7 12. Ndxb5 Nxe5 13. fxe5 axb5 14. Bxb5+ Bd7 15. e6 Qb6 16. exd7+ Kd8 17. Qxf7 Rxd7 18. Bxd7 Qe3+ 19. Kf1 Kxd7 20. Re1 Qd4 21. Qf5+ Kd8 22. Qa5+ Ke8 23. Qb5+ Kd8 24. Nd5 e5 25. Qb6+ Qxb6 26. Nxb6 Kc7 27. Nd5+ Kc6 28. c4 g5 29. Ke2 Bg7 30. Rhf1 Kc5 31. b3 Ra8 32. Rf7 Rxa2+ 33. Ke3 Ra6 34. Rxg7 1-0